000 00267nam a2200121Ia 4500
008 220204s9999 xx 000 0 und d
082 _a308(540)
_bHUT
100 _aHutton, J H
245 0 _aCaste in India
250 _a4
260 _aDelhi
_bOUP
_c1977
942 _cBK
999 _c29601
_d29601